Modern methods of aquaculture in Japan

שמור ב:
מידע ביבליוגרפי
Main Authors: Ikenoue, Hiromu (Author), Kafuku, Takeichiro (Author)
פורמט: ספר
שפה:אנגלית
יצא לאור: Tokio Kodansha 1992
מהדורה:2a. ed
סדרה:Developments in Aquaculture and Fisheries Science, 24
נושאים:
תגים: הוספת תג
אין תגיות, היה/י הראשונ/ה לתייג את הרשומה!

MARC

LEADER 00000nam a2200000 a 4500
001 UCX7479
003 CL-VaPUC
008 931213e19920000JA |||||||||||||||||eng|d
082 0 4 |a 639.8095  |b IKE  |2 21 
100 0 |a Ikenoue, Hiromu  |e author  |9 324326 
700 0 |a Kafuku, Takeichiro  |e author  |9 324327 
245 1 0 |a Modern methods of aquaculture in Japan 
250 |a 2a. ed 
300 |a 272 p 
942 |c BK 
945 |d 19931213 00:00:00  |a mfernand 
260 |a Tokio  |b Kodansha  |c 1992 
650 0 |a Acuicultura  |9 258883 
651 0 |a Japón   |9 260391 
583 |a last modification  |c 19931213 00:00:00  |k Rodrigo Vera 
490 0 |a Developments in Aquaculture and Fisheries Science, 24 
999 |c 227288  |d 227286 
952 |0 0  |1 0  |4 0  |6 639_809500000000000_IKE_1992  |7 0  |8 CCM  |9 226198  |a BIBCUR  |b BIBCUR  |d 2019-11-15  |i 2952629  |o 639.8095 IKE 1992  |p 2952629  |r 2025-04-22  |w 2019-11-15  |y BK  |k CIM 
952 |0 0  |1 0  |2 ddc  |4 0  |6 639_809500000000000_IKE_1992  |7 0  |8 CCM  |9 226199  |a BIBCUR  |b BIBCUR  |d 2019-11-15  |i 3189392  |o 639.8095 IKE 1992  |p 3189392  |r 2025-04-22  |w 2019-11-15  |y BK  |k CIM